LEADER 00763nam0-22002651i-450- 001 990001203060403321 035 $a000120306 035 $aFED01000120306 035 $a(Aleph)000120306FED01 035 $a000120306 100 $a20000920d1982----km-y0itay50------ba 101 0 $aeng 200 1 $aCalculus by calculator$eSolving Single Variable Calculus Problems with the Programmable Calculator$fMaurice D. Weir 210 $aPrentice-Hall$cPrentice-Hall$d1982 610 0 $aCalcolo 676 $a510.28 700 1$aWeir,$bMaurice D.$041886 801 0$aIT$bUNINA$gRICA$2UNIMARC 901 $aBK 912 $a990001203060403321 952 $a3-H-15$b21117$fMA1 959 $aMA1 996 $aCalculus by calculator$9343578 997 $aUNINA DB $aING01